00378nam a2200145Ia 4500003000400000005001700004008004100021040000900062082002000071100003000091245005500121260003400176300000800210650001400218OSt20211122104657.0190216s9999||||xx |||||||||||||| ||und|| coclc a894.8121bMEN/S aMenon, Vallathol Narayana 0aSahithya Manjari Vol 6 /cVallathol Narayana Menon bD C Books, c1963.aKottayam: a98p aKavithkal